| 000 | 00708nam a22002177a 4500 | ||
|---|---|---|---|
| 005 | 20170124110249.0 | ||
| 010 | _aB-220699 | ||
| 020 |
_c1450.00 _a8186623965 |
||
| 035 | _aB-220699 | ||
| 037 | _bCen Lib/Ret | ||
| 040 |
_aDPL _bEN |
||
| 082 |
_a574.192 _bHAN |
||
| 110 |
_aIndia.National Institute of Industrial Research _998314 |
||
| 245 | _aHandbook of fine chemicals, vitamins, amino acids and proteins / | ||
| 260 |
_aNew Delhi _bNational Institute of Industrial Research |
||
| 270 |
_a106-E, Kamla Nagar _bNew Delhi _e110007 |
||
| 300 |
_a598p. _c21cm(pbk) |
||
| 650 |
_aAmino acids--Synthesis _998315 |
||
| 650 |
_aGroup of vitamins _998316 |
||
| 942 |
_2ddc _cEN _h574.192 _mHAN |
||
| 999 |
_c135749 _d135749 |
||